| 000 | 02319nam a2200289Ia 4500 | ||
|---|---|---|---|
| 003 | OSt | ||
| 005 | 20210105100504.0 | ||
| 008 | 191128s2013 ck aodbgr 000 0dspa d | ||
| 020 | _a9789588489278 | ||
| 040 |
_aCO-JMCR _cCO-JMCR |
||
| 041 | 0 | _aspa | |
| 082 | 0 | 4 |
_a658.57 / _bL851c _223 |
| 100 | 1 |
_aLuna Pereira, Henry Orlando, _eautor _912655 |
|
| 245 | 1 | 0 |
_aCompetitividad y generación de valor en la mediana empresa de la región de frontera colombo-venezolana / _cHenry Orlando Luna Pereira |
| 250 | _aPrimera edición | ||
| 260 |
_aBogotá : _bEcoe : Universidad Francisco de Paula Santander, _c2013 |
||
| 300 |
_axxi, 115 páginas : _bfotografías, gráficos y mapas a blanco y negro ; _c24 cm. |
||
| 500 | _aIncluye datos biográficos del autor en solapa. | ||
| 504 | _aBibliografía: páginas [113]-115 | ||
| 505 | 0 | _aInvestigando la problemática de competitividad y creación de valor en la región fronteriza colombo-venezolana -- Al encuentro con la realidad de la mediana empresa en la región de frontera colombo-venezolana -- La mediana empresa en la región fronteriza colombo-venezolana | |
| 520 | 3 | _aSemestre a semestre la Universidad Francisco de Paula Santander, reafirma el compromiso institucional con los procesos de mejoramiento continuo tanto en los aspectos misionales de nuestra casa de estudios, como también en todos sus procesos de apoyo académico. Nuestra alma mater se propone nuevos retos a partir de los logros alcanzados, en muchos de ellos, como en todo proceso, los resultados se empiezan a percibir de forma gradual, siendo lo más importante la participación y compromiso de los diferentes miembros de la comunidad universidad. Hemos alcanzados un alto sentido de pertenencia en nuestra comunidad universitaria, el logro de las metas propuestas y la superación de retos, mostrando un alto compromiso institucional en el proceso de reconocernos como la Universidad que somos, para avanzar hacia la Universidad que queremos ser. | |
| 650 | 1 | 4 |
_aPequeña y mediana empresa _xinvestigaciones _zColombia _912656 |
| 650 | 1 | 4 |
_aPequeña y mediana empresa _xinvestigaciones _zVenezuela _912657 |
| 651 | 4 |
_aVenezuela _xrelaciones económicas exteriores _zColombia _912658 |
|
| 651 | 4 |
_aColombia _xrelaciones económicas exteriores _zVenezuela _912659 |
|
| 942 |
_2ddc _cBK |
||
| 999 |
_c6195 _d6195 |
||